| 000 | 00368nam a2200157Ia 4500 | ||
|---|---|---|---|
| 003 | OSt | ||
| 005 | 20240217104531.0 | ||
| 008 | 170523s9999 xx 000 0 und d | ||
| 020 | _a978-8174461797 | ||
| 040 | _ciimt university meerut | ||
| 100 | _aGHOSH- TP | ||
| 245 | 0 | _aFUNDAMENTAL OF ACCOUNTING | |
| 260 | _bDELHI SULTAN CHAND | ||
| 260 | _c1994 | ||
| 942 |
_2ddc _c02 |
||
| 999 |
_c471 _d471 |
||